Justini Febronni JCti statu Ecclesiae et Legitima potestae Romani Pontificis (Record no. 8540)
[ view plain ]
| 000 -CABECERA | |
|---|---|
| campo de control de longitud fija | 00852nam a2200205 a 4500 |
| 001 - NÚMERO DE CONTROL | |
| campo de control | BRCA_8889 |
| 005 - FECHA Y HORA DE LA ÚLTIMA TRANSACCIÓN | |
| campo de control | 20190320210440.0 |
| 008 - DATOS DE LONGITUD FIJA--INFORMACIÓN GENERAL | |
| campo de control de longitud fija | 150617s1768----sp-#######---#000-0#lat-# |
| 041 ## - CÓDIGO DE LENGUA | |
| Código de lengua del texto/banda sonora o título independiente | lat |
| 084 ## - OTRO NÚMERO DE CLASIFICACIÓN | |
| Número de clasificación | CO44 |
| Número de documento/Ítem | .H66 1768 |
| 100 1# - ENTRADA PRINCIPAL--NOMBRE DE PERSONA | |
| Nombre de persona | Hontheim, Johann Nikolaus van |
| Fechas asociadas al nombre | 1707-1790 |
| 9 (RLIN) | 22121 |
| 245 10 - MENCIÓN DE TÍTULO | |
| Título | Justini Febronni JCti statu Ecclesiae et Legitima potestae Romani Pontificis |
| Resto del título | liber singularis ad reuniendos disidentes in religione christianos compositus. |
| 260 ## - PUBLICACIÓN, DISTRIBUCIÓN, ETC. | |
| Lugar de publicación, distribución, etc. | Bullioni |
| Nombre del editor, distribuidor, etc. | Apub Guillelmum Evrardi |
| Fecha de publicación, distribución, etc. | 1768 |
| 300 ## - DESCRIPCIÓN FÍSICA | |
| Extensión | [50], 756 p. |
| Dimensiones | 22 x 16 cm |
| 500 ## - NOTA GENERAL | |
| Nota general | Editio tertia, priore emendatios et multo auctior |
| 500 ## - NOTA GENERAL | |
| Nota general | Estado físico: presenta encuadernación en pergamino con lomo desprendido y cintas rotas, con sello en canto superior |
| 650 14 - PUNTO DE ACCESO ADICIONAL DE MATERIA--TÉRMINO DE MATERIA | |
| Término de materia o nombre geográfico como elemento de entrada | Iglesia y estado |
| Subdivisión cronológica | Obras anteriores a 1800 |
| 9 (RLIN) | 21950 |
| 902 ## - CATALOGADOR | |
| Iniciales | CFM |
| 942 ## - ELEMENTOS DE PUNTO DE ACCESO ADICIONAL (KOHA) | |
| Fuente del sistema de clasificación o colocación | Library of Congress Classification |
| Tipo de ítem Koha | Libros |
| Estado de retiro | Estado de pérdida | Estado dañado | No para préstamo | Localización permanente | Ubicación/localización actual | Fecha de adquisición | Total de préstamos | Signatura topográfica completa | Código de barras | Fecha visto por última vez | Precio válido a partir de | Tipo de ítem Koha |
|---|---|---|---|---|---|---|---|---|---|---|---|---|
| El ejemplar forma parte de la colección y puede ser consultado según las políticas vigentes. | Biblioteca del Museo Franz Mayer (Rogerio Casas-Alatriste) | Biblioteca del Museo Franz Mayer (Rogerio Casas-Alatriste) | 15/06/2017 | CO44 .H66 1768 | CFM00212 | 22/03/2019 | 22/03/2019 | Libros |